<?xml version="1.0" encoding="UTF-8"?>
<record
    xmlns:xsi="http://www.w3.org/2001/XMLSchema-instance"
    xsi:schemaLocation="http://www.loc.gov/MARC21/slim http://www.loc.gov/standards/marcxml/schema/MARC21slim.xsd"
    xmlns="http://www.loc.gov/MARC21/slim">

  <leader>01990nam a2200277Ia 4500</leader>
  <controlfield tag="003">OSt</controlfield>
  <controlfield tag="005">20251117113638.0</controlfield>
  <controlfield tag="008">210210b2007   xxu||||| |||| 00| 0 eng d</controlfield>
  <datafield tag="040" ind1=" " ind2=" ">
    <subfield code="c">AL</subfield>
  </datafield>
  <datafield tag="041" ind1=" " ind2=" ">
    <subfield code="a">Kannada</subfield>
  </datafield>
  <datafield tag="082" ind1=" " ind2=" ">
    <subfield code="a">K894.301 NAGH</subfield>
  </datafield>
  <datafield tag="100" ind1=" " ind2=" ">
    <subfield code="a">NAGARAJA VASTARE</subfield>
    <subfield code="d"> &#xCA8;&#xCBE;&#xC97;&#xCB0;&#xCBE;&#xC9C; &#xCB5;&#xCB8;&#xCCD;&#xCA4;&#xCBE;&#xCB0;&#xCC6;</subfield>
    <subfield code="9">245879</subfield>
  </datafield>
  <datafield tag="245" ind1=" " ind2=" ">
    <subfield code="a">Hakuna matata</subfield>
    <subfield code="b">&#xCB9;&#xC95;&#xCC2;&#xCA8; &#xCAE;&#xC9F;&#xCBE;&#xC9F;</subfield>
  </datafield>
  <datafield tag="260" ind1=" " ind2=" ">
    <subfield code="a">Bengaluru</subfield>
    <subfield code="b">Not Mentioned</subfield>
    <subfield code="c">2007</subfield>
  </datafield>
  <datafield tag="300" ind1=" " ind2=" ">
    <subfield code="a">155</subfield>
  </datafield>
  <datafield tag="520" ind1=" " ind2=" ">
    <subfield code="a">&#xC95;&#xCB5;&#xCBF;, &#xC95;&#xCA4;&#xCC6;&#xC97;&#xCBE;&#xCB0;, &#xCAA;&#xCCD;&#xCB0;&#xCAC;&#xC82;&#xCA7;&#xC95;&#xCBE;&#xCB0;, &#xCB5;&#xCBE;&#xCB8;&#xCCD;&#xCA4;&#xCC1;&#xCB6;&#xCBF;&#xCB2;&#xCCD;&#xCAA;&#xCBF; &#xCA8;&#xCBE;&#xC97;&#xCB0;&#xCBE;&#xC9C; &#xCB5;&#xCB8;&#xCCD;&#xCA4;&#xCBE;&#xCB0;&#xCC6;  &#xC85;&#xCB5;&#xCB0; &#xCB8;&#xCA3;&#xCCD;&#xCA3; &#xC95;&#xCA4;&#xCC6;&#xC97;&#xCB3; &#xCB8;&#xC82;&#xC97;&#xCCD;&#xCB0;&#xCB9; &#xC95;&#xCC3;&#xCA4;&#xCBF; &#x2019;&#xCB9;&#xCBE;&#xC95;&#xCC2;&#xCA8; &#xCAE;&#xC9F;&#xCBE;&#xC9F;&#x2019;.

&#xC95;&#xCB3;&#xCC6;&#xCA6;&#xCC1;&#xC95;&#xCCA;&#xC82;&#xCA1;&#xCBF;&#xCB0;&#xCC1;&#xCB5; , &#xC95;&#xCB3;&#xC9A;&#xCBF;&#xC95;&#xCCA;&#xC82;&#xCA1;&#xCBF;&#xCB0;&#xCC1;&#xCB5; &#xC85;&#xCA6;&#xCC6;&#xCB7;&#xCCD;&#xC9F;&#xCCB; &#xCAE;&#xCBE;&#xCA8;&#xCB5; &#xCB8;&#xC82;&#xCAC;&#xC82;&#xCA7;&#xC97;&#xCB3; &#xCAC;&#xC97;&#xCCD;&#xC97;&#xCC6; &#xCA8;&#xCBE;&#xC97;&#xCB0;&#xCBE;&#xC9C; &#xCB5;&#xCB8;&#xCCD;&#xCA4;&#xCBE;&#xCB0;&#xCC6; &#xC85;&#xCB5;&#xCB0;&#xCC1; &#xCA4;&#xCAE;&#xCCD;&#xCAE; &#xC95;&#xCA4;&#xCC6;&#xC97;&#xCB3;&#xCB2;&#xCCD;&#xCB2;&#xCBF; &#xCB5;&#xCBF;&#xCB7;&#xCBE;&#xCA6;&#xCA6;&#xCBF;&#xC82;&#xCA6;&#xCB2;&#xCC7; &#xC9A;&#xCBF;&#xCA4;&#xCCD;&#xCB0;&#xCBF;&#xCB8;&#xCC1;&#xCA4;&#xCCD;&#xCA4;&#xCBE; &#xCB9;&#xCCB;&#xC97;&#xCC1;&#xCA4;&#xCCD;&#xCA4;&#xCBE;&#xCB0;&#xCC6;. &#xCAA;&#xCBE;&#xCA4;&#xCCD;&#xCB0;&#xC97;&#xCB3;&#xCBF;&#xC97;&#xCC6; &#xCB8;&#xC82;&#xCAC;&#xC82;&#xCA7;&#xCBF;&#xCB8;&#xCA6; &#xCB9;&#xCC6;&#xCB8;&#xCB0;&#xCC1;&#xC97;&#xCB3;&#xCA8;&#xCCD;&#xCA8;&#xCC1; &#xCA8;&#xCC0;&#xCA1;&#xCC1;&#xCA4;&#xCCD;&#xCA4;&#xCBE;&#xCB0;&#xCC6;. &#xCAE;&#xCA8;&#xCC1;&#xCB7;&#xCCD;&#xCAF; &#xCB8;&#xC82;&#xCAC;&#xC82;&#xCA7;&#xC97;&#xCB3;&#xCB2;&#xCCD;&#xCB2;&#xCC7; &#xC85;&#xC82;&#xCA4;&#xCB0;&#xCCD;&#xC97;&#xCA4;&#xCB5;&#xCBE;&#xC97;&#xCBF;&#xCB0;&#xCC1;&#xCB5; &#xCA6;&#xCC1;&#xCB0;&#xC82;&#xCA4;&#xCB5;&#xCA8;&#xCCD;&#xCA8;&#xCC1; &#xCAA;&#xCCD;&#xCB0;&#xCB8;&#xCCD;&#xCA4;&#xCBE;&#xCAA;&#xCBF;&#xCB8;&#xCC1;&#xCA4;&#xCCD;&#xCA4;&#xCBE; &#xC95;&#xCA4;&#xCC6;&#xC97;&#xCB3;&#xCB2;&#xCCD;&#xCB2;&#xCBF;&#xCA8; &#xCAA;&#xCBE;&#xCA4;&#xCCD;&#xCB0;&#xCB5;&#xCB0;&#xCCD;&#xC97;&#xCB5;&#xCA8;&#xCCD;&#xCA8;&#xCC1; &#xCB8;&#xCC3;&#xCB7;&#xCCD;&#xC9F;&#xCBF;&#xCB8;&#xCBF;&#xCA6;&#xCCD;&#xCA6;&#xCBE;&#xCB0;&#xCC6;. &#xCAE;&#xCA8;&#xCC1;&#xCB7;&#xCCD;&#xCAF; &#xCAE;&#xCA8;&#xCC1;&#xCB7;&#xCCD;&#xCAF;&#xCB0; &#xCA8;&#xCA1;&#xCC1;&#xCB5;&#xCBF;&#xCA8; &#xC85;&#xC82;&#xCA4;&#xCB0;&#xCCD;&#x200D; &#xCB8;&#xC82;&#xCAC;&#xC82;&#xCA7;&#xC97;&#xCB3;&#xCC1; &#xCAE;&#xCA4;&#xCCD;&#xCA4;&#xCC1; &#xC85;&#xCA6;&#xCB0; &#xCA8;&#xCC8;&#xCA4;&#xCBF;&#xC95; &#xCB8;&#xCC2;&#xC95;&#xCCD;&#xCB7;&#xCCD;&#xCAE;&#xC97;&#xCB3;&#xCA8;&#xCCD;&#xCA8;&#xCC1; &#xC88; &#xC95;&#xCC3;&#xCA4;&#xCBF;&#xCAF;&#xCB2;&#xCCD;&#xCB2;&#xCBF; &#xCA4;&#xCBF;&#xCB3;&#xCBF;&#xCB8;&#xCB2;&#xCBE;&#xC97;&#xCBF;&#xCA6;&#xCC6;.</subfield>
  </datafield>
  <datafield tag="650" ind1=" " ind2=" ">
    <subfield code="a">urina</subfield>
    <subfield code="9">245880</subfield>
  </datafield>
  <datafield tag="650" ind1=" " ind2=" ">
    <subfield code="a">Uddama</subfield>
    <subfield code="9">245881</subfield>
  </datafield>
  <datafield tag="650" ind1=" " ind2=" ">
    <subfield code="a">matata</subfield>
    <subfield code="9">245882</subfield>
  </datafield>
  <datafield tag="650" ind1=" " ind2=" ">
    <subfield code="a">kshudra</subfield>
    <subfield code="9">245883</subfield>
  </datafield>
  <datafield tag="650" ind1=" " ind2=" ">
    <subfield code="a">Hakuna</subfield>
    <subfield code="9">245884</subfield>
  </datafield>
  <datafield tag="650" ind1=" " ind2=" ">
    <subfield code="a">charite</subfield>
    <subfield code="9">245885</subfield>
  </datafield>
  <datafield tag="690" ind1=" " ind2=" ">
    <subfield code="a">Kannada Fiction</subfield>
    <subfield code="9">245886</subfield>
  </datafield>
  <datafield tag="906" ind1=" " ind2=" ">
    <subfield code="a">063169</subfield>
  </datafield>
  <datafield tag="942" ind1=" " ind2=" ">
    <subfield code="2">ddc</subfield>
    <subfield code="c">BK</subfield>
  </datafield>
  <datafield tag="999" ind1=" " ind2=" ">
    <subfield code="c">134822</subfield>
    <subfield code="d">134822</subfield>
  </datafield>
  <datafield tag="952" ind1=" " ind2=" ">
    <subfield code="0">0</subfield>
    <subfield code="1">0</subfield>
    <subfield code="2">ddc</subfield>
    <subfield code="4">0</subfield>
    <subfield code="7">0</subfield>
    <subfield code="8">KAN</subfield>
    <subfield code="a">AL</subfield>
    <subfield code="b">AL</subfield>
    <subfield code="c">Kannada Literature</subfield>
    <subfield code="d">2021-02-17</subfield>
    <subfield code="e">Athree book centre</subfield>
    <subfield code="g">60.00</subfield>
    <subfield code="l">0</subfield>
    <subfield code="o">K894.301 NAGH</subfield>
    <subfield code="p">063169</subfield>
    <subfield code="r">2021-02-17 00:00:00</subfield>
    <subfield code="w">2021-02-17</subfield>
    <subfield code="y">BK</subfield>
  </datafield>
</record>
